| Tag |
First Indicator |
Second Indicator |
Subfields |
| LEADER |
00000cam a2200000 a 4500 |
| 001 |
in00000856447 |
| 005 |
20151019072004.0 |
| 008 |
830320m19839999dcua b f000 0 eng |
| 010 |
|
|
|a 83600061
|
| 035 |
|
|
|a (OCoLC)ocm09394141
|
| 040 |
|
|
|a DLC
|c DLC
|d OCLCQ
|d UtOrBLW
|
| 043 |
|
|
|a a-ph---
|
| 049 |
|
|
|a TXAM
|
| 050 |
0 |
0 |
|a QL1
|b .S54 no. 381, etc.
|a QL444.M33
|
| 082 |
0 |
0 |
|a 591 s
|a 595.3/843
|2 19
|
| 086 |
0 |
|
|a SI 1.27:381
|
| 086 |
0 |
|
|a SI 1.27:397
|
| 086 |
0 |
|
|a SI 1.27:432
|
| 100 |
1 |
|
|a Chace, Fenner Albert.
|
| 245 |
1 |
4 |
|a The caridean shrimps (Crustacea--Decapoda) of the Albatross Philippine Expedition, 1907-1910 /
|c Fenner A. Chace, Jr.
|
| 264 |
|
1 |
|a City of Washington :
|b Smithsonian Institution Press,
|c 1983-<1997>
|
| 300 |
|
|
|a volumes <1-7> :
|b illustrations ;
|c 27 cm.
|
| 336 |
|
|
|a text
|b txt
|2 rdacontent
|
| 337 |
|
|
|a unmediated
|b n
|2 rdamedia
|
| 338 |
|
|
|a volume
|b nc
|2 rdacarrier
|
| 490 |
1 |
|
|a Smithsonian contributions to zoology ;
|v no. 381, 411, 432, 466, 543, 587
|
| 500 |
|
|
|a Volume 6 by Fenner A. Chace, Jr. and A.J. Bruce.
|
| 504 |
|
|
|a Includes bibliographies.
|
| 505 |
1 |
|
|a pt. 1. Family Stylodactylidae -- pt. 2. Families Glyphocrangonidae and Crangonidae -- pt. 3. Families Thalassocarididae and Pandalidae -- pt. 4. Families Oplophoridae and Nematocarcinidae -- pt. 5. Family Alpheidae -- pt. 6. Superfamily Palaemonoidea -- pt. 7. Families Atyidae, Eugonatonotidae, Rhynchocinetidae, Bathypalaemonellidae, Processidae, and Hippolytidae.
|
| 650 |
|
0 |
|a Shrimps
|z Philippines
|v Classification.
|
| 650 |
|
0 |
|a Crustacea
|v Classification.
|
| 650 |
|
0 |
|a Crustacea
|z Philippines
|v Classification.
|
| 700 |
1 |
|
|a Bruce, A. J.
|
| 830 |
|
0 |
|a Smithsonian contributions to zoology ;
|v no. 381, etc.
|
| 994 |
|
|
|a C0
|b TXA
|
| 948 |
|
|
|a cataloged
|b h
|c 2005/08/30
|e zprado
|f 02:05:52 pm
|
| 999 |
|
|
|a MARS
|
| 999 |
f |
f |
|s 34136257-7d6b-3e1d-adca-fcc1051d1cdc
|i 42c1211d-7781-3632-9664-f1e809438a77
|t 0
|
| 952 |
f |
f |
|p normal
|a Texas A&M University
|b College Station
|c Sterling C. Evans Library
|d Evans: US Documents (Annex 5th floor)
|t 0
|e SI 1.27:397
|h Superintendent of Documents classification
|i unmediated -- volume
|m A14832155600
|
| 952 |
f |
f |
|p normal
|a Texas A&M University
|b College Station
|c Sterling C. Evans Library
|d Evans: US Documents (Annex 5th floor)
|t 0
|e SI 1.27:381
|h Superintendent of Documents classification
|i unmediated -- volume
|m A14832155561
|
| 952 |
f |
f |
|p normal
|a Texas A&M University
|b College Station
|c Sterling C. Evans Library
|d Evans: US Documents Microfiche (3rd floor)
|t 0
|e SI 1.27:381, etc.
|h Superintendent of Documents classification
|i unmediated -- volume
|m A14829085935
|
| 998 |
f |
f |
|a SI 1.27:381
|t 0
|l Evans: US Documents (Annex 5th floor)
|
| 998 |
f |
f |
|a SI 1.27:397
|t 0
|l Evans: US Documents (Annex 5th floor)
|
| 998 |
f |
f |
|a SI 1.27:381, etc.
|t 0
|l Evans: US Documents Microfiche (3rd floor)
|